Des questions globales sur le rap français - Statistiques

Statistiques générales
  • Ce quiz a été pris 517 fois
  • Le résultat moyen est 15 sur 45
Statistiques - réponses
Hint Réponse % Correct
Nombre d'albums Or Noir par Kaaris 3
84%
Cite un album certifié diamant de Ninho M.I.L.S 3 / Destin / Comme Prévu
84%
Dans quel album de Nekfeu Népal apparaît-il? Cyborg
70%
Date de sortie de l'album "Mauvais Oeil" de Lunatic 2000
65%
Rappeur du Val d'oise, connu pour ses tatouages et son style de vie de "barlou" Seth Gueko
65%
PLK, Lesram et Zeu ont en point commun un certain groupe, lequel? Panama Bende
61%
Créateur de la trilogie "Vréel" Kekra
59%
Nom du feat avec Booba et Gato qui a fait connaître Damso Pinocchio
57%
Collectif dont faisait partie Guizmo avant qu'une dispute éclate L'entourage
56%
Rappeur qui a fait partie à la fois du Panama Bende et du Groupe LTF Lesram
55%
Rappeur français qui a fait 2 featurings avec Akon Booba
53%
Auteur de 64 mesures de Spleen Jazzy Bazz
50%
Disque de diamant de Diam's Dans ma bulle
44%
De quelle ville est originaire Dosseh? Orléans
43%
Rappeur belge qui a réalisé la trilogie "La vie augmente" Isha
41%
Premier album de Jul Dans ma paranoïa
38%
Le nom de l'outro de A7 de SCH Fusil
38%
Le groupe de Lino Ärsenik
37%
Nom de la série de fresstyles de Gradur Sheguey
37%
Album de Laylow sorti en 2016 comprenant Lime et 10' Mercy
36%
Dinos a raccourci son nom. Quel était le complément de son pseudo ? Punchlinovic
35%
Morceau emblématique de Suprême NTM axé sur l'éducation Laisse pas trainer ton fils
34%
Titre où l'on retrouve la punchline de Nekfeu : "Skyrock, pédophile FM, chez nous, y a personne qui les aime" San Andréas
29%
Dans Cru #alloicizolaski3 avec qui Zola s'associe ? Key Largo
28%
Morceau le plus populaire de Da Uzi sur youtube La vraie vie
28%
Comment se nomme le projet de Freeze Corleone qui précède Projet Blue Beam ? THC
28%
Auteur des "Sirènes du Charbon" et de "Convictions suicidaires" Despo Rutti
25%
Comment s'intitule le morceau où Fianso donne des conseils à un rappeur voulant commencer? Lettre à un jeune rappeur
25%
Auteur de la rue puis la prison Mister You
25%
Premier ep de Joke Tokyo
24%
Album d'Osirus Jack qui s'est fait retirer des plateformes Nibiru
23%
Feat de Niska et du XVBarbar qui les a propulsé sur le devant de la scène Carjack Chiraq
21%
Nom du feat entre Sadek et PSO Thug Plein les poches
19%
Son de Sniper parlant de l'absence d'un père dans une vie Sans repères
19%
Série de freestyles initiée par Zikxo temps
18%
Lorsque Lyonzon était à son apogée, quel moyen de transport retrouvait-on constamment dans leur DA (direction artistique) ? bateau
17%
Quel rappeur français a fait un feat avec James Blunt en 2008? Sinik
17%
"Jamais dans la tendance, toujours dans la bonne direction" slogan de quel groupe? Scred Connexion
13%
Grand frère de Kpri, connu pour avoir produit Lyonzon et Irko notamment Amnezzia
12%
Titre de Hugo TSR axé sur le graffiti Dégradation
10%
Rappeur ayant fait partie des X Men (qu'il a quitté tôt) et du 45 scientific Hifi
10%
Outro de "La Banquise" de Guizmo. Indice : 6min28s Ma haine est viscérale
7%
"La Bagarre on sait pas faire, on préfére t'allumer ta mère", d'où vient cet élan de poésie de Lacrim? Pocket Coffee
4%
Lesram et Lu'cid ont par ailleurs samplé ce son, comment se nomme leur version ? 93075
3%
Groupe initiateur des 2 freestyles "All Shart" La Smala
3%
Aucun quiz correspondant
Distribution des résultats
% des personnes avec chaque résultat
Percentile par nombre de réponses
Votre historique - résultats
Vous n’avez pas pris ce quiz